🟰Les Ă©quations incontournables - Statistiques

Statistiques générales
  • Ce quiz a Ă©tĂ© pris 141 fois
  • Le rĂ©sultat moyen est 13 sur 20
Statistiques - réponses
Hint Réponse % Correct
E=mc2 Équation d’Einstein
87%
A=πr2 Aire d’un cercle
84%
a2+b2=c2 ThéorÚme de Pythagore
84%
ddx(sinx)=cosx Dérivée de sin(x)
78%
y=mx+b Équation d'une droite affine
77%
E=12mv2 Énergie cinĂ©tique
75%
f=1T Relation entre fréquence et période
71%
P=2πr PĂ©rimĂštre d’un cercle
70%
F=Gm1m2r2 Loi de la gravitation universelle
68%
=−log([Hâș]) Formule du pH
65%
∫−∞+∞e−x2dx=π IntĂ©grale gaussienne
64%
PV=nRT Équation des gaz parfaits
63%
eiπ+1=0 IdentitĂ© d’Euler
62%
S=n2(2a+(n−1)r) Somme des termes d'une suite arithmĂ©tique
59%
vf=vi+at Mouvement rectiligne uniformément accéléré
57%
Δx·Δp≄ħ2 Principe d’incertitude de Heisenberg
52%
ψ(x,t)=Aei(kx−ωt) Fonction d’onde quantique
51%
V=IR Loi d'Ohm
51%
E=hf Énergie d’un photon
48%
∇·E→=ρΔ₀ Loi de Gauss (Ă©lectrostatique)
39%
Aucun quiz correspondant
Distribution des résultats
% des personnes avec chaque résultat
Percentile par nombre de réponses
Votre historique - résultats
Vous n’avez pas pris ce quiz